110 let strojírenství ve Zlíně : 1903-2013 /

Other Authors: Hrdlička, Jan, 1944-
Language: Czech
Published: Zlín : TAJMAC-ZPS, 2013
Edition: Vyd. 1.
Subjects:
Online Access: Digitalizovaný dokument
Physical Description: 123 s. : il., portréty, faksim. ; 24 cm
Book
Saved in:
LEADER 02331nam a2200565 a 4500
001 nkc20132465735
003 CZ PrNK
005 20170203093906.0
007 ta
008 130528s2013 xr ach e f 000 0 cze
015 |a cnb002465735 
020 |a 978-80-260-4511-3  |q (v knize neuvedeno ;  |q brož.) 
035 |a (OCoLC)852383562 
040 |a OLA001  |b cze 
043 |a e-xr---  |b e-xr-zl  |2 czenas 
045 |a x0y1 
072 7 |a 621  |x Strojírenství  |2 Konspekt  |9 19 
080 |a 621:338.45  |2 MRF 
080 |a 621:334.716  |2 MRF 
080 |a 338.45(091)  |2 MRF 
080 |a 94(437.323)  |2 MRF 
080 |a (036)  |2 MRF 
080 |a (082.2)  |2 MRF 
245 0 0 |a 110 let strojírenství ve Zlíně :  |b 1903-2013 /  |c [zpracovali Jan Hrdlička ... et al.] 
246 3 |a Sto deset let strojírenství ve Zlíně 
250 |a Vyd. 1. 
260 |a Zlín :  |b TAJMAC-ZPS,  |c 2013 
300 |a 123 s. :  |b il., portréty, faksim. ;  |c 24 cm 
648 4 |a 1903-2013 
648 7 |a 20.-21. století  |7 ch462155  |2 czenas 
650 0 7 |a strojírenský průmysl  |7 ph126148  |z Česko  |y 20.-21. století  |2 czenas 
650 0 7 |a strojírenské podniky  |7 ph116299  |z Česko  |y 20.-21. století  |2 czenas 
650 0 7 |a dějiny průmyslu  |7 ph488969  |z Česko  |y 20.-21. století  |2 czenas 
650 0 9 |a engineering industry  |z Czechia  |y 20th-21st centuries  |2 eczenas 
650 0 9 |a engineering companies  |z Czechia  |y 20th-21st centuries  |2 eczenas 
650 0 9 |a history of industry  |z Czechia  |y 20th-21st centuries  |2 eczenas 
651 7 |a Zlín (Česko)  |7 ge128609  |x dějiny  |y 20.-21. století  |2 czenas 
651 9 |a Zlín (Czechia)  |x history  |y 20th-21st centuries  |2 eczenas 
655 7 |a informační publikace  |7 fd132454  |2 czenas 
655 7 |a jubilejní publikace  |7 fd131839  |2 czenas 
655 9 |a information publications  |2 eczenas 
655 9 |a jubilee books  |2 eczenas 
700 1 |a Hrdlička, Jan,  |d 1944-  |7 mzk2003199111  |4 aut 
856 4 1 |u http://www.digitalniknihovna.cz/mzk/uuid/uuid:af8e06c0-f7da-11e5-8d5f-005056827e51  |y Digitalizovaný dokument  |x NDK 
910 2 |a BOA001  |b 2-1306.423 
990 |a BK 
995 |a 01 
991 |b 201306  |c NOV  |e n 
996 6 |b 2610550939  |c 2-1306.423  |l MZK  |r Sklad / do 1 hodiny  |n 1  |p p.v.  |w 001332517  |u 000010  |a 1  |e BOA001  |j MZK50  |s P 
996 7 |b 2610696434  |c 2-1306.423  |l MZK  |r Sklad / do 1 hodiny  |n 1  |p dar  |w 001332517  |u 000020  |a 1  |e BOA001  |j MZK50  |s A